书目信息 |
| 书名: | Black English | |
| 作者: | ||
| 分册号: | ||
| 分册名: | 出版地: | New York : |
|
| 出版社: | Vintage Books | |
| 出版时间: | 1972. | |
| 页数: | 361 p. : | |
| 开本: | 20020930 | |
| 丛书名: | ||
| 中图分类号: | ||
| 科图分类号: | ||
| 其他分类号: | H31 | |
| 主题词: | ||
| 电子资源: | ||
| 000 | 00606nam 2200193 a 4500 | |
| 001 | E0760040601 | |
| 005 | 20070421165031.23 | |
| 008 | uu | |
| 040 | @aNLC | |
| 049 | @aN5LA | |
| 090 | @a2/H317/DJL//////////854355 | |
| 090 | @aH31 | |
| 096 | @aH317 @v2 | |
| 099 | @dH31@ex171 | |
| 100 | 1 | @aDillard, J. L. |
| 245 | 10 | @aBlack English :@bits history and usage in the United States |
| 260 | @aNew York :@bVintage Books,@c1972. | |
| 300 | @a361 p. :@b00 ;@c20020930@lNLC09@h2244@lNLC09@h2231@lNLC09@h1822 :@b40 ;@c20030723@lNLC09@h0903 :@b40 ;@c20030723@lNLC09@h0903 | |
| 852 | 9 | @bWWJC @cJ08S @k2 @hH317 @iDJL |
| Black English : : its history and usage in the United States.-New York : : Vintage Books, , 1972. |
| 361 p. : : 00 ; ; 20020930 : 40 ; ; 20030723 : 40 ; ; 20030723 |
| ISBN |
| ● |
| 相关链接 |
|
|
|
|
正题名:Black English
索取号:H31/x171
 
预约/预借
| 序号 | 登录号 | 条形码 | 馆藏地/架位号 | 状态 | 备注 |
| 1 | 0004187 | 300041871 | 第四借阅区/ [索取号:H31/x171] | 在馆 | |
| 2 | 004186 | 300041862 | 第四借阅区/ [索取号:H31/x171] | 在馆 |